00752nam a2200253 a 4500001001300000003000900013005001700022008004100039020000900080082001500089100001500104245005500119260005300174300000900227500003500236505001000271650002600281650003000307700001500337902000800352942000700360952011400367999001700481nice12345678IN_TiNIC20260116013842.0050524s1977 shia grp 000 0 eng  ac9000a303.6bMAL aMalik, S C aDissent, Protest and Reform in Indian Civilization aShimlabIndian Institute of Advanced Studyc1977 a391p aincludes index and biblioraphy2 aIndex aSocial-Problems-india aConflict Resolution-India1 aMalik, S C bSRS cBK 001040708StackRoom-aHMIbHMId2007-08-01g90.00l0o303.6 MALp018639r2007-08-01v90.00w2005-05-24yBK c12815d12815